书目信息 |
| 题名: |
评价有效性
|
|
| 作者: | Hockings 著 ;蒋明康 , 丁晖 译 | |
| 分册: | ||
| 出版信息: | 北京 中国环境科学出版社 2005 |
|
| 页数: | 131页 | |
| 开本: | 21cm | |
| 丛书名: | IUCN保护区最佳实践指南丛书 | |
| 单 册: | ||
| 中图分类: | X36 | |
| 科图分类: | ||
| 主题词: | 自然保护区--管理--评估--指南 , 自然保护区 , 自然堡区--环境管理 , 自然堡区 | |
| 电子资源: | ||
| ISBN: | 7-80209-100-4 | |
| 000 | 01747nam0 2200433 450 | |
| 000 | 01710nam0 2200421 450 | |
| 000 | 01693nam0 2200421 450 | |
| 000 | 01639nam0 2200397 450 | |
| 000 | 01602nam0 2200385 450 | |
| 000 | 01495nam0 2200349 450 | |
| 000 | 01441nam0 2200325 450 | |
| 000 | 01459nam0 2200313 450 | |
| 000 | 01422nam0 2200301 45 | |
| 001 | 06303000257 | |
| 005 | 20070804093726.67 | |
| 010 | @a7-80209-100-4@d12.00(全套定价:72.00) | |
| 100 | @a20060829d2005 em y0chiy0110 ea | |
| 101 | 1 | @achi@ceng |
| 102 | @aCN@b110000 | |
| 105 | @ay z 000yy | |
| 200 | 1 | @a评价有效性@APing Jia You Xiao Xing@e保护区管理评估框架@EBao Hu Qu Guan Li Ping Gu Kuang Jia@dEvaluating Effectiveness: A Framework for Assessing the Management of Protected Areas@f(澳) Marc Hockings著@F( Ao ) Marc Hockings Zhu@g蒋明康,丁晖译@zeng |
| 210 | @a北京@c中国环境科学出版社@d2005 | |
| 215 | @a131页@d21cm | |
| 225 | 2 | @aIUCN保护区最佳实践指南丛书 |
| 330 | @a本书为评价管理有效性提出了框架,第一篇先建立了建议框架的理论和方法;第二篇包含的6个案例研究,显示了不同的评价方法在澳大利亚、刚果盆地、中美洲和南美洲的实际应用。 | |
| 410 | 0 | @12001 @aIUCN保护区最佳实践指南丛书 |
| 510 | 1 | @aEvaluating Effectiveness: A Framework for Assessing the Management of Protected Areas@zeng |
| 606 | 0 | @a自然保护区@x管理@x评估@x指南 |
| 606 | 0 | @a自然保护区 |
| 606 | 0 | @a自然堡区@x环境管理 |
| 606 | 0 | @a自然堡区 |
| 690 | @aX36@v4 | |
| 701 | A1 | @aHockings@bMarc@4著 |
| 702 | 0 | @a蒋明康@AJiang Ming Kang@4译 |
| 702 | 0 | @a丁晖@ADing Hui@4译 |
| 801 | 0 | @aCN@b中图数据@c20070804 |
| 905 | @a10447@dX36@e51:3 | |
| 评价有效性:保护区管理评估框架=Evaluating Effectiveness: A Framework for Assessing the Management of Protected Areas/(澳) Marc Hockings著/蒋明康,丁晖译.-北京:中国环境科学出版社,2005 |
| 131页;21cm.-(IUCN保护区最佳实践指南丛书) |
| ISBN 7-80209-100-4:12.00(全套定价:72.00) |
| 本书为评价管理有效性提出了框架,第一篇先建立了建议框架的理论和方法;第二篇包含的6个案例研究,显示了不同的评价方法在澳大利亚、刚果盆地、中美洲和南美洲的实际应用。 |
| ● |
| 相关链接 |
|
|
|
|
正题名:评价有效性
索取号:X36/51:3
 
预约/预借
| 序号 | 登录号 | 条形码 | 馆藏地/架位号 | 状态 | 备注 |
| 1 | 0608600 | 206086000 | 第二样本阅览室/ [索取号:X36/51:3] | 在馆 | |
| 2 | 0608601 | 206086019 | 第三借阅区/ [索取号:X36/51:3] | 在馆 | |
| 3 | 0608602 | 206086028 | 第三借阅区/ [索取号:X36/51:3] | 在馆 | |
| 4 | 0608603 | 206086037 | 第三借阅区/ [索取号:X36/51:3] | 在馆 | |
| 5 | 0608604 | 206086046 | 第三借阅区/ [索取号:X36/51:3] | 在馆 | |
| 6 | 0807851 | 208078514 | 第三借阅区/ [索取号:X36/51:3] | 在馆 | |
| 7 | 0807852 | 208078523 | 第三借阅区/ [索取号:X36/51:3] | 在馆 |